Guía del buen inversionista / (Registro nro. 8113)
[ vista simple ]
| 000 -LEADER | |
|---|---|
| fixed length control field | 01233nam a2200205Ia 4500 |
| 003 - CONTROL NUMBER IDENTIFIER | |
| control field | OSt |
| 005 - DATE AND TIME OF LATEST TRANSACTION | |
| control field | 20210715134726.0 |
| 008 - FIXED-LENGTH DATA ELEMENTS--GENERAL INFORMATION | |
| fixed length control field | 210310t2014 ck aod fr 000 0 spa d |
| 040 ## - CATALOGING SOURCE | |
| Original cataloging agency | CO-JMCR |
| Transcribing agency | CO-JMCR |
| 041 0# - LANGUAGE CODE | |
| Language code of text/sound track or separate title | spa |
| 082 04 - DEWEY DECIMAL CLASSIFICATION NUMBER | |
| Classification number | 332.672 / |
| Item number | P841g |
| Edition number | 23 |
| 110 2# - MAIN ENTRY--CORPORATE NAME | |
| Corporate name or jurisdiction name as entry element | Portafolio |
| 9 (RLIN) | 13699 |
| 245 10 - TITLE STATEMENT | |
| Title | Guía del buen inversionista / |
| Statement of responsibility, etc. | Portafolio |
| 260 ## - PUBLICATION, DISTRIBUTION, ETC. | |
| Place of publication, distribution, etc. | Bogotá : |
| Name of publisher, distributor, etc. | Portafolio, |
| Date of publication, distribution, etc. | ©2014 |
| 300 ## - PHYSICAL DESCRIPTION | |
| Extent | 95 páginas : |
| Other physical details | ilustraciones, fotografías y gráficas a color ; |
| Dimensions | 30 cm. |
| 505 0# - FORMATTED CONTENTS NOTE | |
| Formatted contents note | ¿Qué es y cómo funciona una bolsa de valores? -- Pasos a seguir para hacer inversiones en la bolsa -- ¿En qué productos puedo invertir a través de la BVC?: acciones -- ¿En qué productos puedo invertir a través de la BVC?: bonos -- La familia de índices de la BVC -- ¿En qué productos puedo invertir a través de la BVC?: el mercado de frutos -- Fondos de inversión colectiva -- Otros productos y mercados para invertir -- ¿Cómo tomar decisiones de inversión? el análisis fundamental -- ¿Cómo tomar decisiones de inversión? el análisis estadístico -- Antes de empezar a invertir -- Ángeles inversionistas |
| 650 14 - SUBJECT ADDED ENTRY--TOPICAL TERM | |
| Topical term or geographic name entry element | Bolsa de valores |
| 9 (RLIN) | 16370 |
| 650 14 - SUBJECT ADDED ENTRY--TOPICAL TERM | |
| Topical term or geographic name entry element | Fondos de inversión |
| General subdivision | Guía |
| 9 (RLIN) | 38491 |
| 942 ## - ADDED ENTRY ELEMENTS (KOHA) | |
| Source of classification or shelving scheme | Dewey Decimal Classification |
| Koha item type | Books |
| Withdrawn status | Lost status | Source of classification or shelving scheme | Damaged status | Not for loan | Collection code | Home library | Current library | Date acquired | Source of acquisition | Full call number | Barcode | Date last seen | Copy number | Koha item type |
|---|---|---|---|---|---|---|---|---|---|---|---|---|---|---|
| Dewey Decimal Classification | Non-fiction | Biblioteca Pública José María del Castillo y Rada | Biblioteca Pública José María del Castillo y Rada | 04/15/2018 | Donación | 332.672 / P841g | 430003238 | 05/16/2024 | Ej.1 | Books |